Welcome to the Holygrace Academy Library

Please use search bar below to get started

WAR &PEACE (Record no. 3558)

MARC details
000 -LEADER
fixed length control field 00307nam a22001457a 4500
020 ## - INTERNATIONAL STANDARD BOOK NUMBER
ISBN 1-85326-062-2
082 ## - DEWEY DECIMAL CLASSIFICATION NUMBER
Classification number 823
Item number TOL/W
100 ## - MAIN ENTRY--AUTHOR NAME
Personal name TOLSTOY,LEO
245 ## - TITLE STATEMENT
Title WAR &PEACE
250 ## - EDITION STATEMENT
Edition statement FIRST
260 ## - PUBLICATION, DISTRIBUTION, ETC. (IMPRINT)
Place of publication AMERICA
Name of publisher WORDSWORTH CLASSICS
Year of publication 193
300 ## - PHYSICAL DESCRIPTION
Number of Pages 994
650 ## - SUBJECT ADDED ENTRY--TOPICAL TERM
Topical Term NOVEL
Geographic subdivision AMERICA
942 ## - ADDED ENTRY ELEMENTS (KOHA)
Koha item type Books
Holdings
Withdrawn status Lost status Collection code Home library Current library Shelving location Date acquired Source of acquisition Full call number Accession Number Koha item type
    Fiction Main Library Main Library SHELF 16-A- ENGLISH LITERATURE COLLECTION OF WORKS 23/10/2006 PURCHASE 823 TOL/W 03614 Books